Polacy grający kiedykolwiek w lidze chińskiej. - Statystyki

Ogólne statystyki
  • Ten quiz został rozwiązany 47 razy
  • Średni wynik to 2 z 6
Statystyki odpowiedzi
Klub Pozycja Odpowiedź % Poprawnych
CQ Dangdai i GZ R&F Ofensywny pomocnik Mierzejewski
91%
Beijing Renhe Środkowy pomocnik Mączyński
70%
Henan Jianye Środkowy napastnik Zachara
21%
Henan Jianye Środkowy napastnik Olisadebe
16%
Shenzhen FC Pomocnik Zając
7%
Shenzhen FC Prawy obrońca Zając
7%
Nie znaleziono quizów pasujących do podanych kryteriów
Rozkład punktacji
Procent ludzi z każdym wynikiem
Percentyl według liczby udzielonych odpowiedzi
Twoja historia wyników
Nie rozwiązałeś tego quizu